Hóa lí (Dùng cho sinh viên hóa các trường đại học Tổng hợp và Sư phạm)

محفوظ في:
التفاصيل البيبلوغرافية
المؤلف الرئيسي: Trần, Văn Nhân
التنسيق: كتاب
اللغة:Undetermined
منشور في: Hà Nội Giáo Dục 1998
الموضوعات:
الوسوم: إضافة وسم
لا توجد وسوم, كن أول من يضع وسما على هذه التسجيلة!
Thư viện lưu trữ: Trung tâm Học liệu Trường Đại học Cần Thơ
LEADER 00656nam a2200193Ia 4500
001 CTU_121847
008 210402s9999 xx 000 0 und d
020 |c 11600 
082 |a 541.3 
082 |b Nh121/T.1 
100 |a Trần, Văn Nhân 
245 0 |a Hóa lí 
245 0 |b (Dùng cho sinh viên hóa các trường đại học Tổng hợp và Sư phạm) 
245 0 |c Trần Văn Nhân, Nguyễn Thạc Sửu, Nguyễn Văn Tuế 
260 |a Hà Nội 
260 |b Giáo Dục 
260 |c 1998 
650 |a Chemistry, physical and theoretical 
980 |a Trung tâm Học liệu Trường Đại học Cần Thơ